00533 2200205 4500001002100000005001500021008004100036020001800077035001900095041000700114082001000121090001600131100002300147245006400170250001000234260003100244300002500275500001100300650001600311INLIS00000000000106220241224112259241224||||||||| | ||| |||| || |  a979-526-492-3 0010-1224001062 aid0 a351.8 a351.8 SIA a0 aSondang P. Siagian00aAdministrasi Pembangunan : Konsep, Dimensi, Dan Strateginya aEd. 2 aJakartabBumi Aksarac2012 axi, 199 hlm. ; 24 cm aCet. 8 0aIlmu Sosial